Name all the member of the dsmp in under 10 mins - Statistics

General Stats
  • This quiz has been taken 901 times
    900 since last reset
  • The average score is 25 of 33
Answer Stats
Hints Answer % Correct
Owner Dream
100%
colourblind George
100%
idk Tommy
99%
idk Tubbo
98%
idk Sapnap
97%
idk Wilbursoot
96%
idk Quackity
91%
idk Ranboo
90%
idk Technoblade
89%
idk Badboyhalo
88%
idk Karl
88%
idk Nihachu
88%
idk Philza
87%
idk Skeppy
85%
idk Punz
80%
idk Fundy
79%
idk Ponk
75%
idk Purpled
74%
idk Hannah
73%
idk Jack Manifold
73%
idk Captainpuffy
72%
idk Awesamdude
70%
idk Eret
70%
idk Callahan
68%
idk Jschlatt
68%
idk Antfrost
67%
idk Alyssa
61%
idk Hbomb
55%
idk FoolishG
53%
idk Slimecicle
51%
idk Vikkstar
51%
idk Lazarbeam
50%
idk Connoreatspants
46%
No matching quizzes found
Score Distribution
Percent of People with Each Score
Percentile by Number Answered
Your Score History
You have not taken this quiz since the last reset